[Event "FIDE World Rapid Team"]
[Site "London ENG"]
[Date "2025.06.13"]
[Round "11.7"]
[White "Sodbilegt, Naranbold"]
[Black "Keneshbekov, Elim"]
[Result "1-0"]
[WhiteElo "1946"]
[BlackElo "1832"]
[EventDate "2025.06.11"]
[Board "5"]

1. e4 c5 2. Nf3 d6 3. d4 cxd4 4. Nxd4 Nf6 5. Nc3 a6 6. h3 e5 7. Nf3 Be6 8.
g4 d5 9. exd5 Nxd5 10. Ne4 Nc6 11. Nfg5 Be7 12. Nxe6 fxe6 13. c3 O-O 14.
Bg2 Nf4 15. O-O Qc7 16. Be3 Rad8 17. Qb3 Nd5 18. Rad1 Na5 19. Qc2 Nc4 20.
Bc1 Nf4 21. b3 Nb6 22. c4 Nxg2 23. Kxg2 Qc6 24. Qe2 Nd7 25. f3 Rfe8 26. Bb2
Qc7 27. Ng3 Bf6 28. Ba3 Be7 29. Bxe7 Rxe7 30. Qd3 Ree8 31. Qd6 Qa5 32. Qd2
Qc7 33. Rfe1 Nf8 34. Qe3 Ng6 35. Kh2 Rxd1 36. Rxd1 Rd8 37. Rd2 Qa5 38. b4
Rxd2+ 39. Qxd2 Qa3 40. Qd8+ Nf8 41. h4 Qxf3 42. g5 e4 43. Qd2 Qg4 44. h5
Qf3 45. Qe2 Qxe2+ 46. Nxe2 e5 47. Ng3 e3 48. Kg2 Ne6 49. Ne4 Nf4+ 50. Kf3
e2 51. Kf2 Kf8 52. Nc5 Ke7 53. Nxb7 e4 54. Nc5 e3+ 55. Ke1 Kd6 56. Nxa6 Ke5
57. Nc7 Kd4 58. Nd5 Nxh5 59. b5 Kc5 60. b6 Kc6 61. Kxe2 Ng3+ 62. Kxe3 Nf5+
63. Kd3 h5 64. Nf4 h4 65. c5 Ne7 66. Kc4 Nf5 67. a4 Ne3+ 68. Kd3 Ng4 69. a5
Ne5+ 70. Kd4 Nf3+ 71. Kc4 Nxg5 72. a6 Ne4 73. b7 Kc7 74. Ne6+ Kb8 75. c6
1-0

[Event "FIDE World Rapid Team"]
[Site "London ENG"]
[Date "2025.06.13"]
[Round "11.7"]
[White "Sezdbekova, Aizhan"]
[Black "Enkhbayar, Genden"]
[Result "1-0"]
[WhiteElo "1793"]
[BlackElo "1837"]
[EventDate "2025.06.11"]
[Board "6"]

1. e4 e5 2. Nf3 Nc6 3. Bc4 Bc5 4. c3 d6 5. d4 exd4 6. cxd4 Bb4+ 7. Nc3 Nf6
8. Bg5 h6 9. Bh4 Bg4 10. d5 Bxc3+ 11. bxc3 Ne5 12. Be2 g5 13. Bg3 Nxf3+ 14.
Bxf3 Qd7 15. O-O h5 16. Bxg4 Nxg4 17. f3 Ne5 18. Rb1 O-O-O 19. Qd4 Kb8 20.
Bxe5 dxe5 21. Qxe5 g4 22. c4 gxf3 23. Rxf3 Rde8 24. Qd4 Qe7 25. Re1 Rh6 26.
e5 Ra6 27. Qf2 Rf8 28. e6 f6 29. Rf1 Ra4 30. Rxf6 Rc8 31. Rf8 b6 32. Rxc8+
Kxc8 33. Qf8+ Qxf8 34. Rxf8+ Kb7 35. e7 1-0

[Event "FIDE World Rapid Team"]
[Site "London ENG"]
[Date "2025.06.13"]
[Round "11.8"]
[White "Orozbaev, Eldiyar"]
[Black "Rakotomaharo, Fy Antenaina"]
[Result "0-1"]
[WhiteElo "2376"]
[BlackElo "2404"]
[EventDate "2025.06.11"]
[Board "1"]

1. e4 e5 2. Nf3 Nc6 3. Bc4 Bc5 4. c3 Nf6 5. d4 exd4 6. b4 Bb6 7. e5 d5 8.
exf6 dxc4 9. Qe2+ Be6 10. b5 Nb4 11. cxb4 Qxf6 12. O-O O-O 13. a4 a6 14.
bxa6 bxa6 15. a5 Ba7 16. Qe5 Qxe5 17. Nxe5 c5 18. bxc5 Bxc5 19. Nd2 c3 20.
Ne4 Rfc8 21. Nd3 Be7 22. Re1 Bc4 23. Ne5 Bb5 24. Ba3 Bxa3 25. Rxa3 c2 26.
Raa1 d3 27. Nd2 Rc3 28. f4 Rac8 29. Rec1 Re8 30. Nef3 Re2 31. Nf1 Bc6 32.
Ng3 Rxg2+ 33. Kxg2 d2 34. Rxc2 Bxf3+ 35. Kf2 Rxc2 36. Rb1 d1=Q+ 0-1

[Event "FIDE World Rapid Team"]
[Site "London ENG"]
[Date "2025.06.13"]
[Round "11.8"]
[White "Wanyama, Harold"]
[Black "Degenbaev, Aziz"]
[Result "0-1"]
[WhiteElo "2246"]
[BlackElo "2252"]
[EventDate "2025.06.11"]
[Board "2"]

1. d4 Nf6 2. c4 g6 3. Nc3 Bg7 4. e4 d6 5. Nf3 O-O 6. h3 c5 7. Be3 cxd4 8.
Nxd4 Nc6 9. Be2 Bd7 10. O-O a6 11. Rc1 Rc8 12. Qd2 Re8 13. Rfd1 Rb8 14. f3
b6 15. Bf1 Nxd4 16. Bxd4 Be6 17. Nd5 Nd7 18. Be3 a5 19. b3 Nc5 20. Qf2 Bxd5
21. cxd5 Qd7 22. Rb1 Rec8 23. a4 Qa7 24. Bb5 Na6 25. Rdc1 Nc5 26. Qe2 Rf8
27. Bc6 f5 28. exf5 Rxf5 29. b4 axb4 30. Rxb4 Qc7 31. Rcb1 Bc3 32. Rc4 Bg7
33. Qc2 e6 34. Rd1 Rc8 35. f4 Qf7 36. g4 exd5 37. Rb4 Rxc6 38. gxf5 gxf5
39. Kh2 Qe8 40. Qd2 Kh8 41. Bd4 Ne4 42. Bxg7+ Kxg7 43. Qd4+ Kh6 44. Rb2 Rc3
45. Rd3 Rxd3 46. Qxd3 Qc6 47. Rg2 Qc1 48. Qd4 Qxf4+ 49. Kg1 Qe5 50. Qxb6
Ng5 51. Qb3 f4 52. h4 Qe1+ 53. Kh2 Qxh4+ 54. Kg1 Qe1+ 55. Kh2 f3 56. Rc2 f2
0-1

[Event "FIDE World Rapid Team"]
[Site "London ENG"]
[Date "2025.06.13"]
[Round "11.8"]
[White "Zhakshylykov, Erzhan"]
[Black "George Samir, David"]
[Result "0-1"]
[WhiteElo "2235"]
[BlackElo "2234"]
[EventDate "2025.06.11"]
[Board "3"]

1. d4 Nf6 2. c4 e6 3. g3 d5 4. Bg2 dxc4 5. Nf3 a6 6. O-O Nc6 7. Nc3 Rb8 8.
a4 Be7 9. e4 O-O 10. Bf4 b5 11. axb5 axb5 12. d5 exd5 13. Nxd5 Nxd5 14.
Qxd5 Nb4 15. Qh5 Nd3 16. Rfd1 Nxf4 17. gxf4 Qe8 18. e5 Bb7 19. Ra7 f6 20.
Qxe8 Rfxe8 21. Nd4 Bxg2 22. Kxg2 fxe5 23. Nc6 Rbc8 24. fxe5 Bc5 25. Ra6 Bb6
26. Rd7 Kf8 27. Ra3 Re6 28. Rf3+ Ke8 29. Rff7 Bc5 30. Na5 Be7 31. Rfxe7+
Rxe7 32. Rd5 c6 33. Rc5 Ra7 34. b4 Rd7 35. Kf3 Rd5 36. Rxc6 Rxc6 0-1

[Event "FIDE World Rapid Team"]
[Site "London ENG"]
[Date "2025.06.13"]
[Round "11.8"]
[White "Mhango, Banele"]
[Black "Iunusov, Nuriddin"]
[Result "1-0"]
[WhiteElo "2136"]
[BlackElo "1947"]
[EventDate "2025.06.11"]
[Board "4"]

1. d4 Nf6 2. c4 c5 3. Nf3 g6 4. g3 Bg7 5. Bg2 O-O 6. O-O d6 7. Nc3 Nc6 8.
dxc5 dxc5 9. Be3 Be6 10. Bxc5 Qxd1 11. Rfxd1 Bxc4 12. Nd4 Nd7 13. Nxc6 Nxc5
14. Nxe7+ Kh8 15. Rac1 Rae8 16. Ned5 b6 17. Bf3 Rd8 18. b3 Ba6 19. Nb4 Bxc3
20. Rxd8 Rxd8 21. Rxc3 Bb5 22. Rc2 Kg7 23. Nc6 Rd1+ 24. Kg2 Bxc6 25. Bxc6
a5 26. h4 Kf6 27. Bb5 Ke7 28. Kf3 Ne6 29. e3 Nc5 30. Bc4 h6 31. Rb2 Rc1 32.
Bb5 g5 33. hxg5 hxg5 34. a3 f5 35. b4 axb4 36. axb4 Ne4 37. Bd3 Nd6 38. g4
f4 39. exf4 Rc3 40. Re2+ Kf7 41. Re3 Rc7 42. fxg5 Kg7 43. Kg3 Kf8 44. f4
Rc3 45. Kf3 Rb3 46. f5 Rxb4 47. g6 Kg7 48. g5 Nc4 49. f6+ Kf8 50. g7+ Kf7
51. Bxc4+ Rxc4 52. g6+ 1-0

[Event "FIDE World Rapid Team"]
[Site "London ENG"]
[Date "2025.06.13"]
[Round "11.8"]
[White "Sovetbekova, Nurai"]
[Black "Quickpen, Deborah Ebimobo-Ere"]
[Result "1-0"]
[WhiteElo "1867"]
[BlackElo "2077"]
[EventDate "2025.06.11"]
[Board "5"]

1. d4 Nf6 2. Bf4 g6 3. e3 Bg7 4. Nf3 d6 5. Be2 O-O 6. h3 Nbd7 7. O-O Re8 8.
c4 c6 9. Nc3 Qa5 10. Rb1 e5 11. Bh2 Nf8 12. b4 Qc7 13. c5 exd4 14. Bxd6 Qd8
15. Nxd4 Ne6 16. Nf3 Nc7 17. Qb3 Ncd5 18. Nxd5 Nxd5 19. Bc4 Be6 20. Nd4 b5
21. Nxb5 Qg5 22. f4 Qh5 23. Nd4 Bxh3 24. Bxd5 cxd5 25. gxh3 Qxh3 26. Rf3
Qh4 27. Qxd5 Bf6 28. Kg2 Bxd4 29. Qxd4 Qg4+ 30. Kf2 Qh4+ 31. Rg3 Qh2+ 32.
Rg2 Qh4+ 33. Kg1 Qh3 34. Re1 Re6 35. Be5 Rae8 36. e4 Qh4 37. Qf2 Qh3 38.
Qg3 Qxg3 39. Rxg3 f6 40. Bd6 Rxe4 41. Rxe4 Rxe4 42. c6 Rc4 43. Bc5 1-0

[Event "FIDE World Rapid Team"]
[Site "London ENG"]
[Date "2025.06.13"]
[Round "11.1"]
[White "Turner, Matthew J"]
[Black "Gallana, Marco"]
[Result "1/2-1/2"]
[WhiteElo "2506"]
[BlackElo "2232"]
[EventDate "2025.06.11"]
[Board "1"]

1. d4 Nf6 2. Nf3 g6 3. g3 Bg7 4. c4 d6 5. Bg2 O-O 6. O-O Nbd7 7. d5 a5 8.
Be3 Nc5 9. Nc3 Re8 10. Rc1 e6 11. dxe6 Bxe6 12. b3 c6 13. Bd4 Qc7 14. Qd2
Rad8 15. Rfd1 Bf5 16. h3 Nce4 17. Nxe4 Bxe4 18. Qc3 Nh5 19. e3 d5 20. Bxg7
Nxg7 21. Ng5 Bxg2 22. Kxg2 Qe7 23. Nf3 dxc4 24. Qxc4 Nf5 25. g4 Nh4+ 26.
Nxh4 Qxh4 27. Qc5 a4 28. bxa4 h5 29. gxh5 Qe4+ 30. f3 Qxa4 31. Rxd8 Rxd8
32. hxg6 Qxa2+ 33. Kg3 fxg6 34. Qg5 Rd7 35. Qg4 Qd2 36. Qe6+ Kh7 37. Rg1
Qd6+ 38. Qxd6 Rxd6 39. e4 Kg7 40. Kf4 c5 41. Ke5 Rc6 42. Kd5 Rf6 43. Rf1 b6
44. f4 Kf7 45. h4 Ke7 46. e5 Rf8 47. h5 gxh5 48. f5 Rd8+ 49. Kc6 c4 50. Rg1
c3 51. Rg7+ Kf8 52. Rc7 c2 53. Kxb6 Rd5 54. Rc8+ Kf7 55. Rc7+ Kf8 56. Rc8+
Kf7 57. Rc7+ Kf8 1/2-1/2

[Event "FIDE World Rapid Team"]
[Site "London ENG"]
[Date "2025.06.13"]
[Round "11.1"]
[White "Villiers, Thomas"]
[Black "Parker, Jonathan F"]
[Result "1-0"]
[WhiteElo "2108"]
[BlackElo "2506"]
[EventDate "2025.06.11"]
[Board "2"]

1. e4 e5 2. Nf3 Nc6 3. Bb5 a6 4. Ba4 g6 5. O-O Bg7 6. c3 Nge7 7. d4 exd4 8.
cxd4 b5 9. Bc2 d5 10. exd5 Nb4 11. Bb3 Nbxd5 12. Bg5 f6 13. Bh4 O-O 14. Re1
Kh8 15. Nc3 c6 16. Ne4 Nf5 17. Bg3 Nxg3 18. hxg3 Bg4 19. Qc1 Qb6 20. Nc5
Rae8 21. Qd2 a5 22. Rxe8 Rxe8 23. Re1 Qd8 24. Rxe8+ Qxe8 25. Qxa5 Bxf3 26.
gxf3 f5 27. Bxd5 cxd5 28. Qd2 h5 29. b3 Kh7 30. a4 bxa4 31. bxa4 Bh6 32.
Qb2 Qe1+ 33. Kg2 f4 34. Qb7+ Kh8 35. Qc8+ Kh7 36. Qd7+ Kh8 37. Ne6 Qb1 38.
Qe8+ Kh7 39. Qf7+ Kh8 40. Nxf4 Bxf4 41. Qxf4 Qc2 42. a5 Qc6 43. Qf8+ Kh7
44. Qc5 1-0

[Event "FIDE World Rapid Team"]
[Site "London ENG"]
[Date "2025.06.13"]
[Round "11.1"]
[White "Dishman, Stephen"]
[Black "Stewart, Ashley"]
[Result "1-0"]
[WhiteElo "2266"]
[BlackElo "2056"]
[EventDate "2025.06.11"]
[Board "3"]

1. d4 Nf6 2. Bg5 g6 3. Bxf6 exf6 4. c4 d5 5. cxd5 Qxd5 6. Nc3 Qa5 7. e3 Nd7
8. Bc4 Bg7 9. Ne2 f5 10. h4 h5 11. Nf4 Nb6 12. Bb3 c5 13. O-O c4 14. Bc2
O-O 15. Qf3 Qb4 16. Rab1 Re8 17. Qg3 Qe7 18. Nfd5 Nxd5 19. Nxd5 Qd8 20. Nf4
b5 21. Rfd1 Bf6 22. Nxg6 fxg6 23. Qxg6+ Bg7 24. Bxf5 Bxf5 25. Qxf5 Qxh4 26.
Qxb5 Rac8 27. Rbc1 Rf8 28. Rd2 Kh8 29. Rxc4 Rxc4 30. Qxc4 Qg4 31. Qe2 Qh4
32. Rc2 Re8 33. Rc5 Kg8 34. Qc4+ Kh8 35. Qf7 Qe7 36. Rxh5+ 1-0

[Event "FIDE World Rapid Team"]
[Site "London ENG"]
[Date "2025.06.13"]
[Round "11.1"]
[White "Hanache, Kai"]
[Black "Lishoy Gengis Paratazham, Dildarav"]
[Result "1/2-1/2"]
[WhiteElo "2018"]
[BlackElo "2035"]
[EventDate "2025.06.11"]
[Board "4"]

1. e4 d6 2. d4 Nf6 3. Nc3 e5 4. Nf3 Nbd7 5. Bc4 Be7 6. O-O O-O 7. h3 c6 8.
dxe5 dxe5 9. a4 Qc7 10. Qe2 Nc5 11. b3 Ne6 12. Rd1 Bd7 13. Be3 Bb4 14. Na2
Be7 15. Ng5 Nxg5 16. Bxg5 h6 17. Bh4 a5 18. Nc1 Rfe8 19. Bg3 Bf8 20. Bh4
Be7 21. Bg3 Bf8 22. Bh4 Be7 1/2-1/2

[Event "FIDE World Rapid Team"]
[Site "London ENG"]
[Date "2025.06.13"]
[Round "11.1"]
[White "Dishman, Matthew"]
[Black "Ciocan, Maria-Alexandra"]
[Result "1-0"]
[WhiteElo "1901"]
[BlackElo "1924"]
[EventDate "2025.06.11"]
[Board "5"]

1. e4 e6 2. d4 d5 3. Nc3 Nf6 4. e5 Nfd7 5. f4 c5 6. dxc5 Bxc5 7. Qg4 O-O 8.
Nf3 f5 9. Qh3 Qb6 10. Bd2 h6 11. O-O-O Be3 12. Kb1 Bxd2 13. Nxd2 Nc5 14. g4
fxg4 15. Qxg4 Qb4 16. Rg1 Rf7 17. Nc4 Nbd7 18. a3 Qxc3 19. bxc3 dxc4 20.
Bxc4 Nf8 21. Rd8 b5 22. Bd3 Nxd3 23. cxd3 Bb7 24. Rxa8 Bxa8 25. Kc2 Bd5 26.
Qh4 Kh7 27. Qd8 Kg8 28. Qh4 Kh7 29. Kd2 a6 30. Ke3 Rf5 31. Qd8 Rf7 32. Qc8
Kg8 33. c4 bxc4 34. dxc4 Bb7 35. Qd8 Rd7 36. Qb8 Rf7 37. c5 Bd5 38. Qb6 Rb7
39. Qxa6 Rb3+ 40. Kd2 Rb2+ 41. Kc1 Rb3 42. Rg3 Rb7 43. Rc3 Ng6 44. c6 Rc7
45. Qb6 Rc8 46. c7 Kf7 47. Qb8 Ne7 48. a4 Ke8 49. a5 Kd7 50. a6 Nc6 51.
Rxc6 Bxc6 52. a7 Rxc7 53. Kd2 Bd5 54. a8=Q Bxa8 55. Qxa8 Ke7 56. Qg8 g5 57.
fxg5 hxg5 58. Qxg5+ Ke8 59. h4 Rd7+ 60. Ke3 Kf8 61. h5 Rg7 62. Qf6+ Kg8 63.
Qxe6+ Kh8 64. Qd6 Rh7 65. e6 Rxh5 66. e7 Rh3+ 67. Kf2 Kh7 68. e8=Q Rg3 69.
Kxg3 1-0

[Event "FIDE World Rapid Team"]
[Site "London ENG"]
[Date "2025.06.13"]
[Round "11.1"]
[White "Cepoi, Gesneria-Codruta"]
[Black "Regan, Natasha K"]
[Result "0-1"]
[WhiteElo "1599"]
[BlackElo "1905"]
[EventDate "2025.06.11"]
[Board "6"]

1. d4 d5 2. c4 dxc4 3. Nf3 Nf6 4. g3 Nc6 5. Bg2 e5 6. e3 e4 7. Nfd2 Bg4 8.
Qa4 a6 9. Qxc4 Be6 10. Qc3 Bb4 11. Qc2 O-O 12. O-O Bxd2 13. Bxd2 Re8 14.
Rc1 Bf5 15. b4 h5 16. f3 Qd7 17. Qc5 exf3 18. Bxf3 Ne4 19. Bxe4 Rxe4 20.
Nc3 Rg4 21. Nd5 h4 22. Be1 Be4 23. Nc3 Bg6 24. a4 Re8 25. Bf2 Ne7 26. Ne2
c6 27. Nf4 Be4 28. h3 hxg3 29. hxg4 gxf2+ 30. Kxf2 Qxg4 31. Qh5 Qxh5 32.
Nxh5 Nd5 33. Rg1 Bg6 34. Nf4 Nxf4 35. exf4 Re4 36. b5 Rxd4 37. bxc6 bxc6
38. Rac1 Rxf4+ 39. Kg3 Rf6 40. Rc5 Be4 41. Rc3 Bd5 42. Rgc1 g6 43. Re3 Kg7
44. Rcc3 Rd6 45. Re7 Kf6 46. Ra7 Ke5 47. Rxa6 f5 48. Ra5 Kd4 49. Rac5 Re6
50. a5 g5 51. a6 Re1 52. Rc1 Re3+ 53. Kf2 Ra3 54. R5c2 Rxa6 55. Rd2+ Ke5
56. Re1+ Kf6 57. Re3 f4 58. Red3 Kf5 59. Rh3 Ra4 60. Rh7 Ra3 61. Rg7 g4 62.
Rd7 g3+ 63. Kg1 Kg4 64. Rg7+ Kf3 65. Rd1 Ra2 66. Re7 Rg2+ 67. Kh1 Rh2+ 68.
Kg1 Kg4 69. Rg7+ Kf5 70. Rd3 Rh1# 0-1

[Event "FIDE World Rapid Team"]
[Site "London ENG"]
[Date "2025.06.13"]
[Round "11.2"]
[White "Yu, Rock"]
[Black "Fernandez, Daniel Howard"]
[Result "0-1"]
[WhiteElo "2091"]
[BlackElo "2380"]
[EventDate "2025.06.11"]
[Board "1"]

1. Nf3 b5 2. e4 Bb7 3. Bxb5 Bxe4 4. Nc3 Bb7 5. d4 e6 6. Bf4 Nf6 7. Qe2 Bd6
8. Ne5 O-O 9. O-O-O Bb4 10. Rd3 d6 11. Ng4 Bxc3 12. bxc3 Nd5 13. Bd2 Bc6
14. Rg3 Bxb5 15. Qxb5 Qd7 16. Qxd7 Nxd7 17. c4 N5b6 18. c5 Nc4 19. c6 Nxd2
20. Kxd2 Nb6 21. f4 f5 22. Nf2 a5 23. Rb1 Kf7 24. Kd3 Rfb8 25. c4 a4 26.
Nd1 Nd7 27. Rb5 Rxb5 28. cxb5 Nb6 29. Nc3 h6 30. Re3 g5 31. fxg5 hxg5 32.
g4 f4 33. Rh3 Kg6 34. Rh5 d5 35. Nd1 Nc4 36. Nf2 Nd6 37. h4 gxh4 38. Rxh4
Nxb5 39. Rh5 f3 40. Ke3 Rf8 41. Re5 Kf7 42. Nh3 Ke7 43. Nf2 Na7 44. Rh5
Nxc6 45. Rh3 Nb4 46. a3 Nc2+ 47. Kd3 Nxa3 48. g5 Nc4 49. g6 Rg8 50. Rxf3
Rxg6 51. Nd1 a3 52. Nc3 c6 53. Rf2 Kd6 54. Re2 Rg3+ 55. Kc2 Ne3+ 56. Kd2
Nf5 0-1

[Event "FIDE World Rapid Team"]
[Site "London ENG"]
[Date "2025.06.13"]
[Round "11.2"]
[White "Badacsonyi, Stanley"]
[Black "Murawski, Jan"]
[Result "1-0"]
[WhiteElo "2316"]
[BlackElo "1985"]
[EventDate "2025.06.11"]
[Board "2"]

1. Nf3 Nf6 2. g3 d5 3. Bg2 e6 4. O-O Be7 5. c4 O-O 6. b3 b6 7. Bb2 Bb7 8.
d3 Nbd7 9. Nbd2 c5 10. cxd5 Nxd5 11. Rc1 Bf6 12. Qc2 Bxb2 13. Qxb2 Qf6 14.
Qxf6 N7xf6 15. d4 cxd4 16. Nxd4 Rac8 17. Nb5 Rfd8 18. Nc4 Rc5 19. a4 a6 20.
Nd4 Ba8 21. e3 b5 22. axb5 axb5 23. Nb2 Nc3 24. Bxa8 Rxa8 25. Ra1 Rac8 26.
Nd3 Rd5 27. Nb4 Rd6 28. Ra7 g6 29. Rb7 Rc5 30. Ra1 e5 31. Nf3 Nce4 32. Ra8+
Kg7 33. Raa7 Rd1+ 34. Kg2 Nd6 35. Re7 e4 36. Ne5 Ng8 37. Re6 Rb1 38. Rxd6
Rxe5 39. Nc6 Rf5 40. Nd4 Rf6 41. Rxf6 Nxf6 42. Nxb5 Rxb3 43. Nd6 Rb6 44.
Rxf7+ 1-0

[Event "FIDE World Rapid Team"]
[Site "London ENG"]
[Date "2025.06.13"]
[Round "11.2"]
[White "Zhu, Pengxiao"]
[Black "Shearsby, Jude"]
[Result "1/2-1/2"]
[WhiteElo "1984"]
[BlackElo "2090"]
[EventDate "2025.06.11"]
[Board "3"]

1. d4 g6 2. c4 Bg7 3. Nc3 d6 4. e4 e5 5. d5 Ne7 6. Bd3 Nd7 7. Nge2 O-O 8.
O-O Nc5 9. Bc2 f5 10. exf5 Nxf5 11. Ne4 Nxe4 12. Bxe4 a6 13. b4 Bd7 14. Rb1
Qe8 15. c5 Bb5 16. Re1 Qf7 17. f3 Rad8 18. a4 Bd7 19. Ng3 Nd4 20. Be3 Rde8
21. Bxd4 exd4 22. c6 bxc6 23. dxc6 Be6 24. Ne2 d5 25. Bd3 Bf5 26. b5 axb5
27. axb5 Bxd3 28. Qxd3 Re3 29. Qd2 Rfe8 30. Kf1 Qe7 31. Nf4 Qg5 32. Rxe3
Rxe3 33. b6 cxb6 34. c7 Re8 35. Rc1 Rc8 36. Qe2 Be5 37. Nd3 Rxc7 38. Rxc7
Bxc7 39. Qe8+ Kg7 40. Qd7+ Kg8 41. Qxc7 Qd2 42. Qd8+ Kg7 43. Qe7+ Kg8 44.
Qe6+ Kg7 45. Qe5+ Kf8 46. Qxd4 Qd1+ 47. Kf2 Qd2+ 48. Kg3 Qg5+ 49. Qg4 Qd8
50. Qf4+ Kg8 51. Ne5 Qe7 52. Ng4 h5 53. Nf6+ Kg7 54. Nxd5 Qe1+ 55. Kh3 Qe6+
56. g4 Qxd5 57. Kg3 hxg4 58. fxg4 Qd3+ 59. Kg2 Qe2+ 60. Kg3 Qe1+ 61. Kg2
Qe2+ 62. Kg3 Qd3+ 63. Kg2 Qe2+ 1/2-1/2

[Event "FIDE World Rapid Team"]
[Site "London ENG"]
[Date "2025.06.13"]
[Round "11.2"]
[White "Banerjee, Supratit"]
[Black "Longson, Sarah N"]
[Result "1-0"]
[WhiteElo "2067"]
[BlackElo "2045"]
[EventDate "2025.06.11"]
[Board "4"]

1. e4 e5 2. Nf3 Nc6 3. Nc3 Nf6 4. Nd5 Nxd5 5. exd5 Ne7 6. Nxe5 Nxd5 7. Bc4
Bd6 8. Nxf7 Qe7+ 9. Qe2 Qxe2+ 10. Kxe2 Nb6 11. Nxd6+ cxd6 12. Bb3 d5 13. d3
d6 14. Be3 Be6 15. Rhe1 Nd7 16. Kd2 Kf7 17. Bf4 a5 18. a3 a4 19. Ba2 Ra6
20. Re3 Nf6 21. Rae1 Re8 22. Bg5 Ra5 23. Bxf6 Kxf6 24. f4 Kf7 25. g4 Bd7
26. Rxe8 Bxe8 27. f5 Bd7 28. Rf1 Kf6 29. h4 h6 30. Rf4 Rb5 31. Kc1 h5 32.
g5+ Ke5 33. f6 1-0

[Event "FIDE World Rapid Team"]
[Site "London ENG"]
[Date "2025.06.13"]
[Round "11.2"]
[White "Sefton, Adam"]
[Black "Hng, Mei-En Emmanuelle"]
[Result "1-0"]
[WhiteElo "1730"]
[BlackElo "1994"]
[EventDate "2025.06.11"]
[Board "5"]

1. e4 d6 2. d4 Nf6 3. Nc3 g6 4. Be3 Bg7 5. Qd2 c6 6. f3 b5 7. O-O-O b4 8.
Nb1 a5 9. g4 h5 10. g5 Nfd7 11. f4 Nb6 12. Bd3 d5 13. Qg2 dxe4 14. Bxe4 Nd5
15. Qg3 Na6 16. Rf1 O-O 17. Ne2 Bg4 18. Rf2 Nac7 19. f5 gxf5 20. Bxf5 Nxe3
21. Qxe3 Bxe2 22. Qxe2 Qxd4 23. Qxh5 Qxb2+ 24. Kd1 Rfd8+ 25. Ke2 Qe5+ 26.
Kf1 Rd4 27. Bh7+ Kh8 28. Be4+ Kg8 29. Qxf7+ Kh8 30. Qh5+ Kg8 31. Qh7# 1-0

[Event "FIDE World Rapid Team"]
[Site "London ENG"]
[Date "2025.06.13"]
[Round "11.2"]
[White "Jain, Gautam"]
[Black "Veselow, Zoe"]
[Result "1/2-1/2"]
[WhiteElo "1918"]
[BlackElo "1775"]
[EventDate "2025.06.11"]
[Board "6"]

1. e4 c5 2. Nc3 e6 3. Bc4 a6 4. a4 Nc6 5. f4 d6 6. d3 g6 7. Nf3 Bg7 8. O-O
Nge7 9. Qe1 O-O 10. Qh4 d5 11. Ba2 d4 12. Ne2 Bd7 13. Ng3 Nc8 14. Ng5 h6
15. f5 gxf5 16. exf5 exf5 17. Nh5 Ne5 18. Nxg7 Kxg7 19. Qg3 Ng6 20. Nxf7
Rxf7 21. Bxh6+ Kxh6 22. Bxf7 Qg5 23. Qh3+ Qh5 24. Qxh5+ Kxh5 25. Rae1 Kh6
26. a5 Nce7 27. Be6 Rd8 28. Bxd7 Rxd7 29. Re6 Kg7 30. g3 Kf7 31. Re2 Rd6
32. h4 Nf8 33. g4 Rg6 34. Rg2 Kf6 35. g5+ Kf7 36. h5 Rg8 37. c3 Ne6 38. g6+
Kf6 39. Rf3 Rh8 40. Rh2 Ng5 41. Rf1 Nd5 42. cxd4 cxd4 43. Kf2 Ne3 44. Rg1
Ng4+ 45. Rxg4 fxg4 46. Kg3 Kg7 47. Kxg4 Kh6 48. Rc2 Ne6 49. Re2 Re8 50. Re4
Re7 51. b4 Re8 52. Re5 Re7 53. b5 axb5 54. Rxb5 Rd7 55. Re5 Ng7 56. Rb5 Ne6
57. Rb6 Ng7 58. Rb5 Ne6 59. Rb6 Nc5 1/2-1/2

[Event "FIDE World Rapid Team"]
[Site "London ENG"]
[Date "2025.06.13"]
[Round "11.3"]
[White "Kogan, Arthur"]
[Black "Eilenberg, Jonas"]
[Result "1-0"]
[WhiteElo "2455"]
[BlackElo "2279"]
[EventDate "2025.06.11"]
[Board "1"]

1. e4 e5 2. Nf3 Nc6 3. Bc4 Nf6 4. d3 Bc5 5. Nc3 a6 6. a4 d6 7. h3 h6 8. Ne2
O-O 9. Ng3 d5 10. exd5 Nxd5 11. O-O Kh7 12. Re1 Nb6 13. Ba2 f5 14. Ng5+ Kh8
15. Nf7+ Rxf7 16. Bxf7 Qh4 17. Nh1 Qf6 18. Ba2 Bd7 19. c3 Rd8 20. b4 Bd6
21. Ng3 Be8 22. Qb3 Bg6 23. a5 Nd7 24. Qe6 Ne7 25. Qxf6 gxf6 26. Bc4 h5 27.
f4 h4 28. Ne2 Bh5 29. fxe5 fxe5 30. Bg5 Re8 31. Bxh4 Ng6 32. Bg5 f4 33. Nd4
Rf8 34. Nf3 Re8 35. Bd5 c6 36. Be4 Rg8 37. h4 Kg7 38. Kf2 Nf6 39. Bxf6+
Kxf6 40. Rh1 Bb8 41. c4 Ba7+ 42. c5 Rd8 43. Rac1 Bb8 44. Nd2 Ne7 45. Bf3
Rxd3 46. Ne4+ Kf5 47. Rcd1 Rb3 48. Rd8 Bc7 49. Rf8+ Kg6 50. Rf6+ 1-0

[Event "FIDE World Rapid Team"]
[Site "London ENG"]
[Date "2025.06.13"]
[Round "11.3"]
[White "Yatskar, Martin"]
[Black "Krivenko, Dion"]
[Result "0-1"]
[WhiteElo "2223"]
[BlackElo "2221"]
[EventDate "2025.06.11"]
[Board "2"]

1. d4 d6 2. e4 g6 3. c4 Bg7 4. Be2 Nd7 5. h4 h6 6. Nc3 e5 7. d5 Ne7 8. h5
g5 9. g4 a5 10. Qc2 Nc5 11. Be3 Bd7 12. b3 b6 13. f3 c6 14. Nh3 Qb8 15. Nf2
Qb7 16. O-O O-O 17. Rfc1 Qc8 18. a3 a4 19. bxa4 Qe8 20. Rcb1 f5 21. exf5
Bxf5 22. gxf5 Nxf5 23. Bxc5 bxc5 24. Rb7 e4 25. Rxg7+ Kxg7 26. Qxe4 Qxh5
27. Qg4 Qf7 28. Nfe4 Nd4 29. Rf1 cxd5 30. cxd5 Qe7 31. Bd3 Rf4 32. Qg2 Raf8
33. Be2 g4 34. Bd1 Kh8 35. Qh2 Qg7 36. Kh1 gxf3 37. Rg1 Qh7 38. Nf2 R4f5
39. Nce4 Ne2 40. Bxe2 fxe2 41. Re1 Qg6 42. Rg1 Rh5 0-1

[Event "FIDE World Rapid Team"]
[Site "London ENG"]
[Date "2025.06.13"]
[Round "11.3"]
[White "Sason, Noam"]
[Black "Kunz, Andre"]
[Result "0-1"]
[WhiteElo "2077"]
[BlackElo "2128"]
[EventDate "2025.06.11"]
[Board "3"]

1. e4 c6 2. Nf3 d5 3. exd5 cxd5 4. d4 Nc6 5. Bb5 Bg4 6. h3 Bxf3 7. Qxf3 e6
8. c3 Nf6 9. O-O Be7 10. Nd2 O-O 11. Re1 Rc8 12. Bd3 Qc7 13. Nf1 e5 14.
dxe5 Nxe5 15. Qd1 Nxd3 16. Qxd3 Bc5 17. Ng3 Qb6 18. Qf3 Rfe8 19. Bg5 Ne4
20. Nxe4 dxe4 21. Qe2 h6 22. Bh4 a5 23. Qc2 Qc6 24. a4 Re6 25. Rad1 Rce8
26. Bg3 Rg6 27. Kh2 Rge6 28. Qb3 b6 29. Qb5 Qxb5 30. axb5 f5 31. Rd5 g6 32.
Re2 Kf7 33. Red2 Kf6 34. Bd6 Bxd6+ 35. Rxd6 Rxd6 36. Rxd6+ Re6 37. Rd1 Ke5
38. Rd7 Rd6 39. Rc7 f4 40. g3 g5 41. gxf4+ gxf4 42. Kg2 f3+ 43. Kg1 Rd1+
44. Kh2 Rf1 45. Kg3 Rg1+ 46. Kh4 Rg2 47. Rc6 Rxf2 48. Rxb6 Rxb2 49. Rb8 f2
50. Rf8 e3 51. Kg3 Rb1 52. b6 f1=Q 53. Rxf1 Rxf1 54. b7 Rb1 55. Kf3 Rxb7
56. Kxe3 a4 0-1